| 000 | 00632nam a2200217Ia 4500 | ||
|---|---|---|---|
| 003 | BUBTL | ||
| 008 | 151213s9999 xx 000 0 und d | ||
| 020 | _a8175341025 | ||
| 082 | _a342.41/ D548i/ 1985 | ||
| 100 |
_aDicey, A.V. _94254 |
||
| 245 |
_aIntroduction to The Study of the Law The Constitution : _cA.V. Dicey . K.c. |
||
| 250 | _a10th | ||
| 260 |
_aNew Delhi _bUniversal Law Publishing _cc1959 |
||
| 300 |
_a[cxcviii] , 535 p . : _c22 cm . |
||
| 500 | _aIncludes Index | ||
| 650 | _aLaw | ||
| 700 |
_aA.V. Dicey . K.c. _94256 |
||
| 856 |
_k0 _l0 _yDownload |
||
| 942 |
_2ddc _cBK |
||
| 999 |
_c3678 _d3678 |
||